000 01008nam0a22002771 4500
001 RU\NLR\INFOCOMM_190\5000068043
005 20250613095302.0
035 _a(NLR Aleph) 009290064
090 _a9214520
_c9214520
100 _a20100927d1973 |||y0rusy50 ca
101 1 _aeng
_crus
102 _aRU
105 _aa ||||000|y
200 1 _aPractical aid for oil well operators
_fV. Enikeev
_gTransl. from the Russ. by Anatoly G. Mukhin
210 _aΜ.
_c"Higher school"
_d[1973]
215 _a391 с.
_cил.
_d20 см
300 _aНа пер. авт. не указан
300 _aДоп. тит. л. на рус. яз.: В. Р. Еникеев. Практическое пособие для операторов по добыче нефти
686 _aТг-904(рук.)
_2rubbk
700 1 _9z01790
_aEnikeev
_bV. R.
_gVadim Rachmeevič
_4070
790 1 _9z01700
_aEnikeev
_bV.
_4070
801 1 _aRU
_bNLR
_c20100927
801 0 _aRU
_bNLR
_gPSBO
852 _aNLR
_jТ27 Д-3/6
942 _cBOOK
980 _aNB